Statistics for Countries Nicki Minaj has Visited

Click here to take the quiz!

General Stats

  • This quiz has been taken 24 times
  • The average score is 18 of 24

Answer Stats

Continent Country % Correct
EuropeItaly
100%
EuropeFrance
100%
EuropeGermany
100%
OceaniaAustralia
95%
North AmericaUnited States of America
95%
EuropeUnited Kingdom
90%
North AmericaCanada
90%
AsiaJapan
90%
EuropeNorway
81%
OceaniaNew Zealand
81%
EuropeSweden
81%
EuropePoland
76%
EuropeDenmark
76%
EuropeFinland
76%
EuropeBelgium
71%
EuropeIreland
71%
AsiaUnited Arab Emirates
71%
Europethe Netherlands
71%
EuropeSwitzerland
67%
North AmericaTrinidad and Tobago
67%
EuropeHungary
67%
EuropeLuxembourg
48%
EuropeSlovakia
38%
Asiathe Philippines
33%

Score Distribution

Percentile by Number Answered

Percent of People with Each Score

Your Score History

You have not taken this quiz